UK Open Darts Winners - Statistics

General Stats
  • This quiz has been taken 12 times
  • The average score is 19 of 24
Answer Stats
Year Country Winner % Correct
2026 England Luke Littler
100%
2025 England Luke Littler
100%
2013 England Phil Taylor
100%
2010 England Phil Taylor
100%
2009 England Phil Taylor
100%
2005 England Phil Taylor
100%
2003 England Phil Taylor
100%
2007 Netherlands Raymond van Barneveld
91%
2006 Netherlands Raymond van Barneveld
91%
2020 Netherlands Michael van Gerwen
82%
2016 Netherlands Michael van Gerwen
82%
2015 Netherlands Michael van Gerwen
82%
2017 Scotland Peter Wright
82%
2018 Scotland Gary Anderson
73%
2019 England Nathan Aspinall
73%
2014 England Adrian Lewis
64%
2023 England Andrew Gilding
64%
2022 Netherlands Danny Noppert
64%
2024 Belgium Dimitri Van den Bergh
64%
2021 England James Wade
55%
2011 England James Wade
55%
2008 England James Wade
55%
2012 Scotland Robert Thornton
45%
2004 Netherlands Roland Scholten
36%
No matching quizzes found
Score Distribution
Percent of People with Each Score
Percentile by Number Answered
Your Score History
You have not taken this quiz